Vấn đề phân tích phương sai trong thống kê nhiều chiều và ứng dụng trong nông nghiệp : Luận văn Thạc sĩ Toán học. Chuyên ngành: Xác xuất - Thống kê
Đề tài luận văn trình bày về các kiến thức cơ bản, phân tích phương sai một nhân tố, phân tích phương sai hai nhân tố,...
Enregistré dans:
| Auteur principal: | |
|---|---|
| Format: | Livre |
| Langue: | Undetermined |
| Publié: |
Cần Thơ
Đại Học Cần Thơ
2010
|
| Sujets: | |
| Tags: |
Ajouter un tag
Pas de tags, Soyez le premier à ajouter un tag!
|
| Thư viện lưu trữ: | Trung tâm Học liệu Trường Đại học Cần Thơ |
|---|
| LEADER | 01031nam a2200217Ia 4500 | ||
|---|---|---|---|
| 001 | CTU_161698 | ||
| 008 | 210402s9999 xx 000 0 und d | ||
| 082 | |a 519.5 | ||
| 082 | |b H556 | ||
| 088 | |a 604615 | ||
| 100 | |a Phạm, Văn Hưng | ||
| 245 | 0 | |a Vấn đề phân tích phương sai trong thống kê nhiều chiều và ứng dụng trong nông nghiệp : | |
| 245 | 0 | |b Luận văn Thạc sĩ Toán học. Chuyên ngành: Xác xuất - Thống kê | |
| 245 | 0 | |c Phạm Văn Hưng; Nguyễn Văn Thu ( Hướng dẫn Khoa học ) | |
| 260 | |a Cần Thơ | ||
| 260 | |b Đại Học Cần Thơ | ||
| 260 | |c 2010 | ||
| 520 | |a Đề tài luận văn trình bày về các kiến thức cơ bản, phân tích phương sai một nhân tố, phân tích phương sai hai nhân tố,... | ||
| 650 | |a Toán thống kê,Statistical mathematics | ||
| 904 | |i Nhớ, Hồng | ||
| 980 | |a Trung tâm Học liệu Trường Đại học Cần Thơ | ||